000 00425nam a22001697a 4500
003 CEME
005 20210628203503.0
008 210316b xxu||||| |||| 00| 0 eng d
020 _a0-07-707202-2
040 _c.
082 _a005.1 EAS'S
100 _aEasteal, C , Davies, G
_965763
245 _aSoftware engineering , analysis and deisgn
260 _aNEWYORK
_bMCGRAW HILL
_c1989
300 _a161P
942 _cBK
_2ddc
999 _c573880
_d573880